LEADER 00833nam a2200181 i 4500 001 000000019593 003 CaOOAMICUS 005 20180830125444.0 008 180830n gw u000 u und u 040 $aSeMil$bita 100 1 $aKaulbach, Friedrich,$d<1912-1992>.$0(OLS)http://semarc/name/8737 245 10$aPhilosophie des Perspektivismus /$cvon Friedrich Kaulbach. 260 $aTübingen :$bMohr Siebeck 300 $av. ;$c23 cm. 650 4$aProspettiva - Filosofia.$0(OLS)http://semarc/subject/3107 774 0 $aKaulbach, Friedrich <1912-1992>$tWahrheit und Perspektive bei Kant, Hegel und Nietzsche.$dTübingen : Mohr Siebeck, 1990.$z3-16-145630-0$z3-16-145641-6$g1$w()37303 996 $6245$aPhilosophie des Perspektivismus$9(OLS)http://semarc/title/25781 996 $6260$aTübingen :$bMohr Siebeck$9(OLS)http://semarc/publisher/30329 LEADER 01977nam a2200265 i 4500 001 000000058378 003 CaOOAMICUS 005 20130322000000.0 008 130322s1636 xx u000 u lat u 013 $a29550 026 $as-e- emr- i,re asch (3) 1636 (A) 040 $aSeMil$bita 245 10$aSynodus dioecesana mediolanensis 32. ab eminentiss., & reverendiss. D. D. Caesare S. R. E. card. Montio, ac S. Mediol. Ecclesiae archiepiscopo, habita anno 1636. 260 $aMediolani :$bEx Typographia Archiepiscopali,$c1636. 300 $a[8], 529, [3] p. ;$c8°. 500 $aEmblema dell'Arcivescovado di Milano (S. Ambrogio seduto in cattedra: Tales ambio defensores) sui front. - Iniz. xilogr. - Segn. : ?4 A-O8 P10 Q-2K8. - Contiene anche, con proprio front. : Decreta in Synodo Diaec.na Mediol. 22. ... , a c. L; Instructiones praedicationis Verbi Dei, ex Concilij Provincialis 3. ... , a c. Q; Gregorii papae 15. constitutio contra solicitantes in confessionibus; Litterae processus S. D. N. Urbani octavi ... Anno 1624; Regole d'alcuni capi necessarii, e più frequenti per l'osservanza delle sacre cerimonie, e del canto fermo ambrosiano ... , a c. Dd3. 650 4$aSinodi diocesani - Milano.$0(OLS)http://semarc/subject/8598 650 4$aSinodi diocesani - Sec. 17.$0(OLS)http://semarc/subject/11758 700 1 $aMonti, Cesare,$c.$0(OLS)http://semarc/name/20020 710 2 $aTipografia arcivescovile$b.$0(OLS)http://semarc/name/20021 710 2 $aArcidiocesi di Milano.$0(OLS)http://semarc/name/400 850 $aSeMil 852 $aSeMil$W1$xVenegono$y1$m2J I 24 FA$j24531$B24531$CSeMilBibl$Z2$F24534 $8I 996 $6245$aSynodus dioecesana mediolanensis 32. ab eminentiss., & reverendiss. D. D. Caesare S. R. E. card. Montio, ac S. Mediol. Ecclesiae archiepiscopo, habita anno 1636$9(OLS)http://semarc/title/90997 996 $6260$aMediolani :$bEx Typographia Archiepiscopali$9(OLS)http://semarc/publisher/41922 LEADER 01169nam a2200289 i 4500 001 000000071035 003 CaOOAMICUS 005 20190820123226.0 008 140711s1996 it u000 u ita u 013 $a42207 020 $a88-315-1252-8 040 $aSeMil$bita 100 1 $aMaggioni, Bruno,$d<1932-2020>.$0(OLS)http://semarc/name/4235 245 13$aIl Dio di Paolo e il Vangelo della grazia /$cBruno Maggioni. 264 1$aMilano :$bPaoline,$c1996. 300 $a238 p. ;$c20 cm. 490 0 $aCammini nello Spirito ;$v2 600 04$aPaolo .$0(OLS)http://semarc/subject/1316 650 4$aPaolo - Gesù Cristo.$0(OLS)http://semarc/subject/9575 830 0$aCammini dello Spirito ;$v2.$0(OLS)http://semarc/title/419422 850 $aSeMil 852 $aSeMil$W1$xVenegono$y1$m2Z II 85$j37188$B37188$CSeMilBibl$Z2$F37191 $81 961 $aOmaggio: Donazione 996 $6020$a88-315-1252-8$9(OLS)http://semarc/number/49983 996 $6245$aIl Dio di Paolo e il Vangelo della grazia$9(OLS)http://semarc/title/114172 996 $6264$aMilano :$bPaoline$9(OLS)http://semarc/publisher/29684